| 000 | 00548nam a22001697a 4500 | ||
|---|---|---|---|
| 999 |
_c166329 _d166329 |
||
| 005 | 20190719165659.0 | ||
| 010 | _aENG-126017 | ||
| 020 |
_a9788173052408 _c1250.00 |
||
| 035 | _aEN-109549 | ||
| 037 | _bDBAD/PUB | ||
| 082 | _a510.1 | ||
| 245 |
_aThe concepts of Sunya / _ced.by A.K.Bag [and] S.R. Sarma |
||
| 260 |
_aNew Delhi _bAryan Books International _c2018 |
||
| 270 |
_aPooja Apts. 4B, Ansari Road _bDarya Ganj, New Delhi _e110002 _maryanbooks@gmail.com |
||
| 300 |
_axiii,287p. _c24cm(Hb) |
||
| 942 |
_2ddc _cEN _h510.1 _mTHE |
||